[Event "GBR-ch87"]
[Site "Millfield"]
[Date "2000.08.09"]
[Round "9.24"]
[White "Buckley, Melanie"]
[Black "Briggs, Philip"]
[Result "0-1"]
[WhiteElo "2124"]
[BlackElo "2200"]
[PlyCount "160"]
[EventDate "2000.07.31"]
[EventType "swiss"]
[EventRounds "11"]
[EventCountry "GBR"]
[SourceTitle "BritBase"]
[SourceDate "2008.07.14"]
[SourceVersion "1"]
[SourceVersionDate "2008.07.14"]
[SourceQuality "2"]

1. e4 e5 2. Bc4 Nf6 3. d3 c6 4. Nf3 Be7 5. O-O d6 6. Re1 O-O 7. Bb3 Na6 8. c3
Bg4 9. Nbd2 Nc5 10. Bc2 Ne6 11. h3 Bh5 12. Nf1 Bg6 13. Ng3 Nd7 14. d4 Re8 15.
Nf5 Qc7 16. b3 Bf8 17. Ba3 c5 18. d5 Nf4 19. Bc1 Bh5 20. Ng3 Nf6 21. Bxf4 exf4
22. Nxh5 Nxh5 23. Nd2 g6 24. Bd3 Bg7 25. Rc1 Qe7 26. a4 Be5 27. Nc4 Nf6 28. a5
Nd7 29. Nd2 a6 30. Nc4 Qf6 31. Nxe5 Nxe5 32. f3 Rac8 33. Qe2 Rc7 34. Bc4 Qg5
35. Qf2 Rce7 36. Be2 h5 37. h4 Qf6 38. g3 Kg7 39. Kh2 Nd7 40. Rg1 Ne5 41. Kg2
Rb8 42. Rgd1 Rh8 43. gxf4 Qxf4 44. Qg3 Qe3 45. Qf2 Qh6 46. Qg3 Rhe8 47. Qg5 f5
48. Qxh6+ Kxh6 49. Re1 Nd7 50. Bd3 Nf6 51. Re2 Nxd5 52. Kg3 Nf6 53. Rce1 fxe4
54. fxe4 Nd7 55. Bc4 Nf6 56. Bd3 Ng4 57. Bc4 Ne5 58. Bd5 Rf8 59. Re3 g5 60.
hxg5+ Kxg5 61. Rb1 Rg7 62. Kh3 Ng4 63. Rg3 Rf2 64. Rg2 Kf4 65. Rbg1 Rf3+ 66.
Kh4 Nf2 67. Rxf2 Rxf2 68. Rh1 Ke5 69. Kh3 Rf3+ 70. Kh4 Rxc3 71. Rf1 Rcg3 72.
Rf5+ Kd4 73. Rf1 Rg2 74. Kh3 R2g5 75. Rd1+ Ke5 76. Rf1 Re7 77. Kh4 Rg2 78. Kh3
Rgg7 79. Rf5+ Kd4 80. Rxh5 Rh7 0-1

[Event "GBR-ch87"]
[Site "Millfield"]
[Date "2000.08.09"]
[Round "9.25"]
[White "Douglas, Timothy"]
[Black "Collins, Sam IRL"]
[Result "0-1"]
[WhiteElo "2015"]
[BlackElo "2172"]
[PlyCount "100"]
[EventDate "2000.07.31"]
[EventType "swiss"]
[EventRounds "11"]
[EventCountry "GBR"]
[SourceTitle "BritBase"]
[SourceDate "2008.07.14"]
[SourceVersion "1"]
[SourceVersionDate "2008.07.14"]
[SourceQuality "2"]

1. e4 c5 2. Nc3 e6 3. Nge2 d6 4. g3 Nc6 5. Bg2 g6 6. d4 cxd4 7. Nxd4 a6 8. O-O
Bg7 9. Be3 Nge7 10. Qd2 Ne5 11. Qe2 Qc7 12. Rad1 O-O 13. Kh1 Bd7 14. f4 Nc4 15.
Bc1 Rfe8 16. Qd3 b5 17. h3 Rad8 18. b3 Nb6 19. Nce2 e5 20. Nf3 d5 21. exd5 e4
22. Qxe4 Nexd5 23. Ne5 Bf5 24. Qf3 Bxc2 25. Nd4 Bxd1 26. Rxd1 Nc3 27. Rd3 Nxa2
28. Be3 Nb4 29. Rd1 N6d5 30. Bf2 Bxe5 31. fxe5 Qxe5 32. Re1 Qf6 33. Rxe8+ Rxe8
34. Qxf6 Nxf6 35. g4 Ne4 36. Be1 Nd3 37. Ba5 Ng3+ 38. Kh2 Ne2 39. Bc6 Re7 40.
Nf3 Nec1 41. Nd4 Nc5 42. Bd8 N5xb3 43. Bxe7 Nxd4 44. Bd7 a5 45. Kg2 b4 46. Bf6
Nce2 47. Kf2 b3 48. Bb5 Nxb5 49. Kxe2 a4 50. Be5 f5 0-1

[Event "GBR-ch87"]
[Site "Millfield"]
[Date "2000.08.09"]
[Round "9.26"]
[White "Aarthie, Ramaswamy"]
[Black "Waters, Clive"]
[Result "1/2-1/2"]
[WhiteElo "2319"]
[BlackElo "2170"]
[PlyCount "59"]
[EventDate "2000.07.31"]
[EventType "swiss"]
[EventRounds "11"]
[EventCountry "GBR"]
[SourceTitle "BritBase"]
[SourceDate "2008.07.14"]
[SourceVersion "1"]
[SourceVersionDate "2008.07.14"]
[SourceQuality "2"]

1. e4 e6 2. d4 d5 3. Nd2 dxe4 4. Nxe4 Bd7 5. Bd3 Bc6 6. Nf3 Nd7 7. O-O Ngf6 8.
Ned2 Be7 9. c3 O-O 10. Nc4 Bxf3 11. Qxf3 c6 12. Re1 Re8 13. Ne5 Nf8 14. a4 Ng6
15. Qh3 Bd6 16. Bg5 Qc7 17. Bxf6 gxf6 18. Ng4 Qe7 19. Nh6+ Kh8 20. Nf5 Qd7 21.
Nxd6 Qxd6 22. Bxg6 fxg6 23. Re4 Re7 24. Rae1 Rae8 25. Qe3 Kg8 26. h3 Qd5 27. b4
a5 28. bxa5 Qxa5 29. Qd3 Kf8 30. Qc4 1/2-1/2

[Event "GBR-ch87"]
[Site "Millfield"]
[Date "2000.08.09"]
[Round "9.27"]
[White "Frost, Nicholas"]
[Black "Vigus, James"]
[Result "1-0"]
[WhiteElo "2164"]
[BlackElo "2266"]
[PlyCount "53"]
[EventDate "2000.07.31"]
[EventType "swiss"]
[EventRounds "11"]
[EventCountry "GBR"]
[SourceTitle "BritBase"]
[SourceDate "2008.07.14"]
[SourceVersion "1"]
[SourceVersionDate "2008.07.14"]
[SourceQuality "2"]

1. e4 e5 2. Nf3 Nc6 3. d4 exd4 4. Nxd4 Bb4+ 5. c3 Bc5 6. Be3 Bb6 7. Nxc6 bxc6
8. Bxb6 axb6 9. Bc4 Ne7 10. O-O O-O 11. Nd2 Kh8 12. Nf3 d5 13. Bd3 Bg4 14. h3
Bh5 15. a3 Ra5 16. e5 d4 17. g4 dxc3 18. gxh5 cxb2 19. Ra2 Rd5 20. Ne1 Rb5 21.
Ng2 Rd5 22. Ne1 Rb5 23. Ng2 Qd5 24. Bb1 Qxe5 25. Re1 Qf6 26. Qc2 Rxh5 27. Qe2
1-0

[Event "GBR-ch87"]
[Site "Millfield"]
[Date "2000.08.09"]
[Round "9.28"]
[White "Wise, David"]
[Black "Evans-Quek, Debbie"]
[Result "0-1"]
[WhiteElo "2173"]
[BlackElo "2046"]
[PlyCount "74"]
[EventDate "2000.07.31"]
[EventType "swiss"]
[EventRounds "11"]
[EventCountry "GBR"]
[SourceTitle "BritBase"]
[SourceDate "2008.07.14"]
[SourceVersion "1"]
[SourceVersionDate "2008.07.14"]
[SourceQuality "2"]

1. e4 c5 2. Nf3 d6 3. d4 cxd4 4. Nxd4 Nf6 5. Nc3 a6 6. Bg5 Nbd7 7. Bc4 b5 8.
Bb3 Nc5 9. Bxf6 gxf6 10. Bd5 Bb7 11. b4 Bxd5 12. exd5 Nd7 13. O-O h5 14. Re1
Qc7 15. Ne4 Bh6 16. a4 bxa4 17. c4 Bf4 18. Nf5 Kf8 19. g3 Be5 20. Rc1 a3 21.
Qd2 Bb2 22. Rc2 Ne5 23. Qe2 Qd7 24. Nh4 Ra7 25. Kg2 Ng6 26. Nf3 h4 27. Ng1 Bd4
28. Qd3 Bb2 29. c5 Qg4 30. Qe3 f5 31. f3 Qh5 32. Nd2 hxg3 33. hxg3 f4 34. gxf4
Qh2+ 35. Kf1 Nxf4 36. Re2 Nxe2 37. Nxe2 Rg8 0-1

[Event "GBR-ch87"]
[Site "Millfield"]
[Date "2000.08.09"]
[Round "9.29"]
[White "Snape, Ian"]
[Black "Homer, Stephen"]
[Result "1/2-1/2"]
[WhiteElo "2170"]
[BlackElo "2030"]
[PlyCount "52"]
[EventDate "2000.07.31"]
[EventType "swiss"]
[EventRounds "11"]
[EventCountry "GBR"]
[SourceTitle "BritBase"]
[SourceDate "2008.07.14"]
[SourceVersion "1"]
[SourceVersionDate "2008.07.14"]
[SourceQuality "2"]

1. c4 e5 2. Nc3 Nc6 3. g3 f5 4. Bg2 Nf6 5. d3 Bb4 6. Bd2 Bxc3 7. Bxc3 d6 8. Nf3
O-O 9. O-O a5 10. c5 Qe8 11. cxd6 cxd6 12. Qd2 h6 13. b4 Qh5 14. bxa5 f4 15.
Rab1 Rf7 16. Rb5 g5 17. Qb2 fxg3 18. hxg3 Nd8 19. Rb6 Bh3 20. Rxd6 Ng4 21. Rb1
Bxg2 22. Kxg2 Nxf2 23. Bxe5 Qh3+ 24. Kxf2 g4 25. Rg1 gxf3 26. exf3 Ne6 1/2-1/2

[Event "GBR-ch87"]
[Site "Millfield"]
[Date "2000.08.09"]
[Round "9.30"]
[White "Binks, Michael E"]
[Black "Freeman, Gordon"]
[Result "1/2-1/2"]
[WhiteElo "2155"]
[BlackElo "2047"]
[PlyCount "115"]
[EventDate "2000.07.31"]
[EventType "swiss"]
[EventRounds "11"]
[EventCountry "GBR"]
[SourceTitle "BritBase"]
[SourceDate "2008.07.14"]
[SourceVersion "1"]
[SourceVersionDate "2008.07.14"]
[SourceQuality "2"]

1. d4 Nf6 2. Nf3 g6 3. g3 c5 4. dxc5 Na6 5. Bg2 Nxc5 6. O-O Bg7 7. c4 O-O 8.
Nc3 d6 9. Be3 Bd7 10. Qc1 Rc8 11. Bh6 b5 12. Bxg7 Kxg7 13. cxb5 Na4 14. Nd4
Nxc3 15. bxc3 d5 16. Qb2 Qa5 17. Rfc1 e5 18. Nc6 Bxc6 19. bxc6 Rxc6 20. c4 Rxc4
21. Qxe5 Re8 22. Qb2 Qc5 23. e3 Rc8 24. Rxc4 dxc4 25. Qc3 Qf5 26. Rc1 Kg8 27.
Qd4 Ng4 28. e4 Qh5 29. Qxa7 Qxh2+ 30. Kf1 Ne5 31. Qa6 Re8 32. Qb5 Re6 33. a4
Qh6 34. f4 Kg7 35. Qb2 c3 36. Qxc3 Kg8 37. fxe5 Qg5 38. Rb1 h5 39. a5 Qg4 40.
Qf3 Qg5 41. Qf4 Qd8 42. Rb6 Rxb6 43. axb6 Qxb6 44. Bf3 Kf8 45. Qf6 Qb5+ 46. Kg2
Qb2+ 47. Kh3 Qc3 48. Kh4 Qb2 49. Kg5 Qd2+ 50. Qf4 Qd8+ 51. Kh6 Kg8 52. Bxh5
Qf8+ 53. Kg5 Qd8+ 54. Kg4 Qd1+ 55. Qf3 gxh5+ 56. Kf4 Qd2+ 57. Qe3 Qd1 58. Qf3
1/2-1/2

[Event "GBR-ch87"]
[Site "Millfield"]
[Date "2000.08.09"]
[Round "9.31"]
[White "Hempson, Peter"]
[Black "Freeman, Richard CP"]
[Result "1-0"]
[WhiteElo "2219"]
[BlackElo "2025"]
[PlyCount "95"]
[EventDate "2000.07.31"]
[EventType "swiss"]
[EventRounds "11"]
[EventCountry "GBR"]
[SourceTitle "BritBase"]
[SourceDate "2008.07.14"]
[SourceVersion "1"]
[SourceVersionDate "2008.07.14"]
[SourceQuality "2"]

1. d4 g6 2. c4 Bg7 3. Nc3 d6 4. Nf3 e5 5. dxe5 dxe5 6. Qxd8+ Kxd8 7. Bg5+ f6 8.
O-O-O+ Bd7 9. Be3 c6 10. Ne4 Kc7 11. Bc5 Nh6 12. Be7 f5 13. Nc5 Ng4 14. Bd6+
Kc8 15. Bxb8 Rd8 16. Bxe5 Bxe5 17. Nxe5 Nxe5 18. e3 Ng4 19. Rd2 Be8 20. Nd3 b5
21. cxb5 cxb5 22. Be2 Nf6 23. Bf3 Ne4 24. Rc2+ Kb8 25. Nc5 Bc6 26. Bxe4 Bxe4
27. Nxe4 fxe4 28. Rd1 Kb7 29. Rdd2 Rac8 30. Rxd8 Rxd8 31. Rd2 Rc8+ 32. Kd1 Rc7
33. Rd4 Re7 34. Ke2 Rc7 35. f3 exf3+ 36. gxf3 Rc1 37. Rd2 Rh1 38. Kd3 Kc6 39.
Ke4 Rg1 40. f4 g5 41. f5 g4 42. f6 Rf1 43. Ke5 h5 44. Ke6 h4 45. Rc2+ Kb6 46.
Rg2 Re1 47. Rxg4 Rxe3+ 48. Kf5 1-0

[Event "GBR-ch87"]
[Site "Millfield"]
[Date "2000.08.09"]
[Round "9.32"]
[White "Obiamiwe, Paul"]
[Black "McDonnell, James"]
[Result "1/2-1/2"]
[WhiteElo "2065"]
[BlackElo "2050"]
[PlyCount "136"]
[EventDate "2000.07.31"]
[EventType "swiss"]
[EventRounds "11"]
[EventCountry "GBR"]
[SourceTitle "BritBase"]
[SourceDate "2008.07.14"]
[SourceVersion "1"]
[SourceVersionDate "2008.07.14"]
[SourceQuality "2"]

1. e4 c5 2. Nf3 Nc6 3. d4 cxd4 4. Nxd4 Nf6 5. Nc3 d6 6. Bg5 e6 7. Qd2 Be7 8.
O-O-O O-O 9. f4 Nxd4 10. Qxd4 Qa5 11. Bc4 Bd7 12. e5 dxe5 13. fxe5 Bc6 14. Bd2
Nd7 15. Nd5 Qd8 16. Nxe7+ Qxe7 17. Rhe1 Qc5 18. Qxc5 Nxc5 19. Bb4 b6 20. Re2
Rfd8 21. Bxc5 Rxd1+ 22. Kxd1 bxc5 23. Rd2 Kf8 24. g3 Ke7 25. Ke2 Rd8 26. Rxd8
Kxd8 27. Kd3 Kc7 28. c3 Bg2 29. Bb3 Kc6 30. c4 f6 31. Ba4+ Kc7 32. Ke3 fxe5 33.
Bc2 h6 34. Be4 Bh3 35. a3 a5 36. b3 Kd6 37. Kf3 h5 38. Ke3 Bf5 39. Kd3 Bg4 40.
Kd2 Ke7 41. h4 Kd6 42. Kc3 Kc7 43. b4 Bf5 44. Bf3 cxb4+ 45. axb4 axb4+ 46. Kxb4
g6 47. Kc5 Bd3 48. Bg2 e4 49. Kd4 e5+ 50. Ke3 Bxc4 51. Bxe4 Bf7 52. Bf3 Be6 53.
Be4 Bf5 54. Bd5 Kd6 55. Bb3 Ke7 56. Bd5 Kf6 57. Bc4 Bc2 58. Bb5 g5 59. hxg5+
Kxg5 60. Be2 Bf5 61. Bd1 Bg6 62. Be2 Bc2 63. Kf2 Bf5 64. Ke3 Bg4 65. Bb5 Kf6
66. Bc4 Ke7 67. Bb3 Kf6 68. Bc4 Bd1 1/2-1/2

[Event "GBR-ch87"]
[Site "Millfield"]
[Date "2000.08.09"]
[Round "9.33"]
[White "Hebbes, Tim"]
[Black "Pleasants, Allan"]
[Result "1-0"]
[WhiteElo "2121"]
[BlackElo "2040"]
[PlyCount "80"]
[EventDate "2000.07.31"]
[EventType "swiss"]
[EventRounds "11"]
[EventCountry "GBR"]
[SourceTitle "BritBase"]
[SourceDate "2008.07.14"]
[SourceVersion "1"]
[SourceVersionDate "2008.07.14"]
[SourceQuality "2"]

1. e4 g6 2. d4 Bg7 3. Nc3 d6 4. Nf3 Bg4 5. Be2 e6 6. Bg5 f6 7. Bh4 Ne7 8. h3
Bxf3 9. Bxf3 Nd7 10. Bg4 Nf8 11. f4 c6 12. Qd2 Qb6 13. O-O-O h5 14. Bf3 Nd7 15.
g4 hxg4 16. hxg4 O-O-O 17. d5 Nc5 18. Bf2 Rxh1 19. Rxh1 cxd5 20. exd5 exd5 21.
Rh7 Bf8 22. Rxe7 Bxe7 23. Nxd5 Qb5 24. Nxe7+ Kd7 25. Nd5 Qf1+ 26. Qe1 Qxe1+ 27.
Bxe1 f5 28. Bc3 Rf8 29. g5 Ne4 30. Nf6+ Ke6 31. Nxe4 fxe4 32. Bxe4 Rxf4 33.
Bxg6 Rg4 34. Bf6 Rg2 35. Be4 Rg1+ 36. Kd2 d5 37. Bh7 Rg2+ 38. Kc3 Rh2 39. Bg8+
Kd6 40. g6 Rh6 1-0

[Event "GBR-ch87"]
[Site "Millfield"]
[Date "2000.08.09"]
[Round "9.34"]
[White "Orton, Stephen"]
[Black "Howell, David W"]
[Result "1/2-1/2"]
[WhiteElo "2045"]
[BlackElo "2020"]
[PlyCount "47"]
[EventDate "2000.07.31"]
[EventType "swiss"]
[EventRounds "11"]
[EventCountry "GBR"]
[SourceTitle "BritBase"]
[SourceDate "2008.07.14"]
[SourceVersion "1"]
[SourceVersionDate "2008.07.14"]
[SourceQuality "2"]

1. e4 e5 2. Nf3 Nc6 3. Bb5 a6 4. Ba4 Nf6 5. d4 exd4 6. O-O d6 7. Nxd4 Bd7 8.
Bxc6 bxc6 9. Re1 Be7 10. c4 O-O 11. Nc3 Re8 12. b3 Bf8 13. Bb2 g6 14. Qd3 Bg7
15. Rad1 c5 16. Nf3 Ng4 17. Bc1 Bc6 18. Nd5 Bxd5 19. Qxd5 Qf6 20. Bg5 Qe6 21.
h3 Ne5 22. Nxe5 Qxe5 23. Qxe5 Rxe5 24. Bf4 1/2-1/2

[Event "GBR-ch87"]
[Site "Millfield"]
[Date "2000.08.10"]
[Round "10.3"]
[White "Miles, Anthony"]
[Black "Hebden, Mark"]
[Result "0-1"]
[WhiteElo "2584"]
[BlackElo "2505"]
[PlyCount "148"]
[EventDate "2000.07.31"]
[EventType "swiss"]
[EventRounds "11"]
[EventCountry "GBR"]
[SourceTitle "BritBase"]
[SourceDate "2008.07.14"]
[SourceVersion "1"]
[SourceVersionDate "2008.07.14"]
[SourceQuality "2"]

1. d4 Nf6 2. Bg5 Ne4 3. Bf4 c5 4. f3 Qa5+ 5. c3 Nf6 6. Nd2 cxd4 7. Nb3 Qb6 8.
Qxd4 Nc6 9. Qxb6 axb6 10. Nd4 e5 11. Nxc6 dxc6 12. Bxe5 Be6 13. a3 b5 14. e4 b4
15. cxb4 Bxb4+ 16. Kf2 Bc5+ 17. Ke1 Bb4+ 18. Ke2 Bb3 19. Nh3 Ba5 20. Nf4 O-O-O
21. Bc3 Bb6 22. Ke1 Rhe8 23. Be2 Nxe4 24. fxe4 Rxe4 25. g3 g5 26. Bf6 Rg8 27.
Kd2 gxf4 28. Bd3 Ba5+ 29. Bc3 Bxc3+ 30. Kxc3 Re3 31. gxf4 Rd8 32. Kxb3 Rdxd3+
33. Ka2 Rd2 34. Rad1 Rf2 35. Rd4 Ree2 36. Rb4 Kc7 37. h3 b5 38. Rg1 Kb6 39. Rg8
Re6 40. Rb8+ Kc5 41. Rg8 h6 42. Rg7 Rf6 43. Rg4 Kb6 44. a4 Ka5 45. Ka3 Rd6 46.
axb5 cxb5 47. Rg3 Rd1 48. Re4 Ra1+ 49. Kb3 Rb1 50. Kc3 Rfxb2 51. Rg7 Rb3+ 52.
Kc2 R1b2+ 53. Kc1 f5 54. Re5 Rf2 55. Rxf5 Rxh3 56. Rg1 Rh4 57. Rf8 h5 58. f5
Rhf4 59. Rg5 h4 60. Rh5 Ka4 61. Rd8 b4 62. Rd1 Ka3 63. f6 Rc4+ 64. Kb1 Rxf6 65.
Ra5+ Kb3 66. Ra2 Rc3 67. Rh1 h3 68. Rah2 Rff3 69. Re2 Rg3 70. Reh2 Kc4 71. Ka1
Ra3+ 72. Kb1 Rgb3+ 73. Rb2 Rxb2+ 74. Kxb2 Rg3 0-1

[Event "GBR-ch87"]
[Site "Millfield"]
[Date "2000.08.10"]
[Round "10.4"]
[White "Hunt, Harriet"]
[Black "Chandler, Murray G"]
[Result "0-1"]
[WhiteElo "2454"]
[BlackElo "2526"]
[PlyCount "62"]
[EventDate "2000.07.31"]
[EventType "swiss"]
[EventRounds "11"]
[EventCountry "GBR"]
[SourceTitle "BritBase"]
[SourceDate "2008.07.14"]
[SourceVersion "1"]
[SourceVersionDate "2008.07.14"]
[SourceQuality "2"]

1. e4 c5 2. Nf3 Nc6 3. d4 cxd4 4. Nxd4 Nf6 5. Nc3 d6 6. Bg5 e6 7. Qd2 a6 8.
O-O-O Bd7 9. f3 h6 10. Be3 b5 11. Nxc6 Bxc6 12. Kb1 Qc7 13. Bd3 Be7 14. h4 Nd7
15. Bd4 Ne5 16. f4 Nxd3 17. cxd3 e5 18. Be3 Qb7 19. Qf2 b4 20. Ne2 Rc8 21. fxe5
dxe5 22. Ng3 b3 23. Nf5 Bd7 24. Qg3 Bxf5 25. exf5 bxa2+ 26. Ka1 Rc2 27. Qxe5
O-O 28. Bd4 Bf6 29. Qe4 Qb3 30. Rc1 Rxb2 31. Bxf6 Rb1+ 0-1

[Event "GBR-ch87"]
[Site "Millfield"]
[Date "2000.08.10"]
[Round "10.6"]
[White "Kelly, Brian"]
[Black "Gormally, Daniel W"]
[Result "1/2-1/2"]
[WhiteElo "2426"]
[BlackElo "2499"]
[PlyCount "66"]
[EventDate "2000.07.31"]
[EventType "swiss"]
[EventRounds "11"]
[EventCountry "GBR"]
[SourceTitle "BritBase"]
[SourceDate "2008.07.14"]
[SourceVersion "1"]
[SourceVersionDate "2008.07.14"]
[SourceQuality "2"]

1. c4 e5 2. g3 Nc6 3. Bg2 f5 4. Nc3 Nf6 5. e3 d5 6. cxd5 Nb4 7. d3 Nbxd5 8.
Nxd5 Nxd5 9. a3 Be7 10. e4 Nf6 11. exf5 Bxf5 12. Bxb7 O-O 13. Bxa8 Qxa8 14. Qf3
Qc8 15. Be3 e4 16. Qd1 exd3 17. Qb3+ Be6 18. Qxd3 Qb7 19. f3 Qxb2 20. Bd4 Qg2
21. Qe2 Qxh1 22. Qxe6+ Kh8 23. Kf1 Ng8 24. Qe2 Bd6 25. Bxa7 Ne7 26. Qg2 Qxg2+
27. Kxg2 Ra8 28. Bd4 Rxa3 29. Ne2 Nf5 30. Rxa3 Bxa3 31. Ba1 Ne3+ 32. Kf2 Nc2
33. Be5 Bc5+ 1/2-1/2

[Event "GBR-ch87"]
[Site "Millfield"]
[Date "2000.08.10"]
[Round "10.7"]
[White "Wohl, Aleksandar"]
[Black "Arkell, Keith"]
[Result "1-0"]
[WhiteElo "2461"]
[BlackElo "2481"]
[PlyCount "73"]
[EventDate "2000.07.31"]
[EventType "swiss"]
[EventRounds "11"]
[EventCountry "GBR"]
[SourceTitle "BritBase"]
[SourceDate "2008.07.14"]
[SourceVersion "1"]
[SourceVersionDate "2008.07.14"]
[SourceQuality "2"]

1. g3 d5 2. Bg2 Nf6 3. b3 c5 4. Bb2 Nc6 5. d3 e5 6. Nd2 Bd6 7. e3 O-O 8. Ne2
Re8 9. h3 h5 10. e4 dxe4 11. dxe4 h4 12. gxh4 Nh5 13. Nc4 Bc7 14. Qxd8 Rxd8 15.
Bf3 g6 16. Bxh5 gxh5 17. Ng3 Be6 18. Ne3 Nd4 19. O-O-O Nf3 20. Nxh5 Nxh4 21.
Nd5 Bd6 22. Rdg1+ Ng6 23. Nhf6+ Kg7 24. h4 Kh6 25. h5 Nf4 26. Nxf4 exf4 27. Rh4
Bc7 28. Bc3 b5 29. Ng4+ Bxg4 30. Rhxg4 Rd7 31. Bg7+ Kh7 32. h6 Rg8 33. e5 Rd5
34. Rxf4 Bxe5 35. Rxf7 Bxg7 36. hxg7 a6 37. f4 1-0

[Event "GBR-ch87"]
[Site "Millfield"]
[Date "2000.08.10"]
[Round "10.9"]
[White "McShane, Luke"]
[Black "McFarland, Robert S"]
[Result "1-0"]
[WhiteElo "2480"]
[BlackElo "2267"]
[PlyCount "61"]
[EventDate "2000.07.31"]
[EventType "swiss"]
[EventRounds "11"]
[EventCountry "GBR"]
[SourceTitle "BritBase"]
[SourceDate "2008.07.14"]
[SourceVersion "1"]
[SourceVersionDate "2008.07.14"]
[SourceQuality "2"]

1. e4 g6 2. d4 Bg7 3. Nf3 d6 4. c3 Nf6 5. Bd3 O-O 6. O-O Nc6 7. Re1 e5 8. h3 h6
9. Na3 Re8 10. Nc2 Kh7 11. a4 b6 12. d5 Na5 13. Nd2 Nh5 14. b4 Nb7 15. Bb5 Rf8
16. Nb3 Nf4 17. Bxf4 exf4 18. Ncd4 a6 19. Bc6 Qf6 20. a5 b5 21. Rc1 Rb8 22. c4
bxc4 23. Rxc4 Nd8 24. Ba4 Qg5 25. Nf3 Qh5 26. Rxc7 Rxb4 27. Nbd2 Nb7 28. Rxc8
Rxa4 29. Rxf8 Ra1 30. Qxa1 Bxa1 31. Rxf7+ 1-0

[Event "GBR-ch87"]
[Site "Millfield"]
[Date "2000.08.10"]
[Round "10.10"]
[White "Knott, Simon"]
[Black "Summerscale, Aaron"]
[Result "0-1"]
[WhiteElo "2381"]
[BlackElo "2459"]
[PlyCount "62"]
[EventDate "2000.07.31"]
[EventType "swiss"]
[EventRounds "11"]
[EventCountry "GBR"]
[SourceTitle "BritBase"]
[SourceDate "2008.07.14"]
[SourceVersion "1"]
[SourceVersionDate "2008.07.14"]
[SourceQuality "2"]

1. c4 b6 2. Nf3 Bb7 3. g3 Bxf3 4. exf3 c5 5. d4 Nc6 6. d5 Nd4 7. Be3 Nf5 8. Bd2
g6 9. Bc3 Bg7 10. Bxg7 Nxg7 11. Bh3 Nh6 12. O-O Nhf5 13. Na3 Nd4 14. Nc2 Ngf5
15. Ne3 Nd6 16. f4 O-O 17. b4 Qc7 18. a4 f5 19. Ra3 Ne4 20. Rd3 e5 21. fxe5
Qxe5 22. Bg2 Rae8 23. bxc5 bxc5 24. f4 Qb8 25. Kh1 Qb2 26. Bxe4 Rxe4 27. d6 Kf7
28. g4 Rfe8 29. Rd2 Qb4 30. Nxf5 gxf5 31. gxf5 Re2 0-1

[Event "GBR-ch87"]
[Site "Millfield"]
[Date "2000.08.10"]
[Round "10.11"]
[White "Koneru, Humpy"]
[Black "Emms, John"]
[Result "1/2-1/2"]
[WhiteElo "2286"]
[BlackElo "2527"]
[PlyCount "138"]
[EventDate "2000.07.31"]
[EventType "swiss"]
[EventRounds "11"]
[EventCountry "GBR"]
[SourceTitle "BritBase"]
[SourceDate "2008.07.14"]
[SourceVersion "1"]
[SourceVersionDate "2008.07.14"]
[SourceQuality "2"]

1. Nf3 c5 2. g3 g6 3. Bg2 Bg7 4. O-O Nc6 5. c4 e6 6. Nc3 Nge7 7. e3 O-O 8. d4
d6 9. b3 a6 10. Bb2 cxd4 11. Nxd4 Nxd4 12. exd4 Rb8 13. a4 b6 14. Qd2 d5 15.
cxd5 Nxd5 16. Nxd5 exd5 17. Rfe1 Be6 18. Bf1 a5 19. Qf4 Qf6 20. Qxf6 Bxf6 21.
Rac1 Rfc8 22. Ba6 Rxc1 23. Rxc1 Ra8 24. Bb7 Rb8 25. Ba6 Re8 26. Kg2 Bf5 27. Bb5
Re4 28. Rc6 Re6 29. Rc1 Kg7 30. Bc3 h5 31. Bd7 Re2 32. Bxf5 gxf5 33. Kf3 Re4
34. Rd1 Kg6 35. Rd3 Bg7 36. Kg2 f4 37. Kf1 fxg3 38. hxg3 f5 39. f3 Re6 40. Bd2
Rc6 41. Ke2 Re6+ 42. Kf2 Rc6 43. Ke2 Bh6 44. Bxh6 Kxh6 45. f4 Rc2+ 46. Kf3 Kg6
47. Re3 Kf6 48. Re5 Rb2 49. Re3 Kf7 50. Rc3 Ke7 51. Ke3 Kd7 52. Kf3 Rd2 53. Ke3
Rh2 54. Rc1 h4 55. gxh4 Rxh4 56. Rf1 Rh3+ 57. Rf3 Rh1 58. Kd3 Rd1+ 59. Kc3 Re1
60. Rh3 Rf1 61. Rh6 Rf3+ 62. Kc2 Rxf4 63. Kd3 Rf3+ 64. Kc2 f4 65. Rxb6 Re3 66.
Rf6 f3 67. Rf5 Ke6 68. Rf8 Ke7 69. Rf5 Ke6 1/2-1/2

[Event "GBR-ch87"]
[Site "Millfield"]
[Date "2000.08.10"]
[Round "10.12"]
[White "Willmoth, Robert"]
[Black "Webster, Andrew"]
[Result "1-0"]
[WhiteElo "2211"]
[BlackElo "2417"]
[PlyCount "167"]
[EventDate "2000.07.31"]
[EventType "swiss"]
[EventRounds "11"]
[EventCountry "GBR"]
[SourceTitle "BritBase"]
[SourceDate "2008.07.14"]
[SourceVersion "1"]
[SourceVersionDate "2008.07.14"]
[SourceQuality "2"]

1. e4 g6 2. d4 Bg7 3. Nf3 c6 4. Nc3 d6 5. Bd3 b5 6. Be3 Nd7 7. Qd2 Qc7 8. O-O
Bb7 9. a4 b4 10. Ne2 a5 11. Rfe1 e6 12. c4 c5 13. Rad1 Ngf6 14. Bh6 O-O 15. Ng3
b3 16. d5 Rfe8 17. Bxg7 Kxg7 18. h4 Qb6 19. dxe6 Rxe6 20. h5 Qb4 21. Qg5 Rae8
22. Bb1 Kh8 23. Qh4 Kg8 24. Re3 Qxc4 25. Ng5 Qxa4 26. hxg6 fxg6 27. Nxe6 Rxe6
28. f4 c4 29. f5 Re7 30. Rxd6 Qa1 31. Re1 Qxb2 32. fxg6 hxg6 33. Qg5 Qe5 34.
Nf5 Rg7 35. Rxd7 Nxd7 36. Qd8+ Nf8 37. Nxg7 Kxg7 38. Rf1 Qc5+ 39. Kh2 c3 40.
Qf6+ Kh7 41. Qf7+ Kh6 42. Qxb3 Qh5+ 43. Kg1 Qc5+ 44. Rf2 Ba6 45. Qf7 Nh7 46. e5
Qb6 47. Bc2 Bc8 48. Kh1 Qe6 49. Qxe6 Bxe6 50. Rf3 Kg5 51. Rg3+ Kf4 52. Rxc3 Bf5
53. Bxf5 Kxf5 54. Rc5 a4 55. g4+ Ke6 56. Kg2 Ng5 57. Ra5 a3 58. Kg3 a2 59. Kf4
Nh3+ 60. Ke3 Ng5 61. Kf4 Nh3+ 62. Kg3 Ng5 63. Rxa2 Kxe5 64. Ra6 Ne6 65. Kh4 Kf6
66. g5+ Kf7 67. Kg4 Ke7 68. Ra5 Nd4 69. Ra7+ Kf8 70. Ra6 Kf7 71. Rf6+ Kg7 72.
Rd6 Ne2 73. Rd7+ Kf8 74. Rd3 Nc1 75. Rd6 Kf7 76. Kf3 Kg7 77. Ke3 Na2 78. Rc6
Nb4 79. Rc7+ Kf8 80. Kd4 Kg8 81. Rc4 Na6 82. Kd5 Kf7 83. Kd6 Kf8 84. Ra4 1-0

[Event "GBR-ch87"]
[Site "Millfield"]
[Date "2000.08.10"]
[Round "10.13"]
[White "Crawley, Gavin"]
[Black "Buckley, Graeme"]
[Result "1/2-1/2"]
[WhiteElo "2401"]
[BlackElo "2351"]
[PlyCount "111"]
[EventDate "2000.07.31"]
[EventType "swiss"]
[EventRounds "11"]
[EventCountry "GBR"]
[SourceTitle "BritBase"]
[SourceDate "2008.07.14"]
[SourceVersion "1"]
[SourceVersionDate "2008.07.14"]
[SourceQuality "2"]

1. e4 c5 2. Nf3 e6 3. d3 d5 4. Nbd2 Nc6 5. g3 g6 6. Bg2 Bg7 7. O-O Nge7 8. Re1
b6 9. exd5 exd5 10. d4 c4 11. Nxc4 dxc4 12. d5 O-O 13. dxc6 Qxd1 14. Rxd1 Nxc6
15. c3 Bb7 16. Bf4 Rad8 17. Ng5 h6 18. Ne4 Na5 19. g4 Bc6 20. h4 Rxd1+ 21. Rxd1
f5 22. gxf5 Rxf5 23. Bb8 Rf7 24. Nd6 Re7 25. Bf1 Bf3 26. Rd2 b5 27. Nxb5 Rb7
28. Rd8+ Kh7 29. Nd4 Bxd4 30. cxd4 Nc6 31. Rf8 Rxb8 32. Rxf3 Nxd4 33. Rf7+ Kh8
34. Bxc4 Rxb2 35. h5 gxh5 36. Rxa7 Rb4 37. Bd3 Nf3+ 38. Kf1 Kg8 39. Be2 Nd2+
40. Ke1 Ne4 41. Bxh5 Rb1+ 42. Ke2 Rb2+ 43. Ke3 Nxf2 44. a4 Nh3 45. Bf7+ Kg7 46.
a5 Kf6 47. a6 Rb4 48. Bd5 Ke5 49. Rd7 Ra4 50. Bb7 Ng5 51. Rd5+ Ke6 52. Rd4 Ra3+
53. Rd3 Ra4 54. Rd4 Ra3+ 55. Kd2 Rxa6 56. Bxa6 1/2-1/2